The Influence of Behavioral Patterns of Achieving The Sustainable Development Goals (SDGs)/ (Record no. 212961)

MARC details
000 -LEADER
fixed length control field 00628nam a22001817a 4500
005 - DATE AND TIME OF LATEST TRANSACTION
control field 20250808114908.0
010 ## - LCCN (DPL NO)
LC control number ENG-146389
020 ## - INTERNATIONAL STANDARD BOOK NUMBER
Terms of availability 300.00
International Standard Book Number 9789361632174
035 ## - SYSTEM CONTROL NUMBER
System control number EN-129921
037 ## - SOURCE OF ACQUISITION
Source of stock number/acquisition DBAD
082 ## - DEWEY DECIMAL CLASSIFICATION NUMBER
Classification number 363.73874
Edition number 1
245 ## - TITLE STATEMENT
Title The Influence of Behavioral Patterns of Achieving The Sustainable Development Goals (SDGs)/
Statement of responsibility, etc Edited By B. Anirudhan...[et,al]
250 ## - EDITION STATEMENT
Edition statement 1
260 ## - PUBLICATION, DISTRIBUTION, ETC. (IMPRINT)
Place of publication, distribution, etc Madurai
Name of publisher, distributor, etc Shanlax Publications
Date of publication, distribution, etc 2025
270 ## - ADDRESS
Address 61, T.P.K., Main Road, Vasantha Nagar
City Madurai
Postal code 625003
Electronic mail address shanlax_1990@yahoo.com
300 ## - PHYSICAL DESCRIPTION
Extent 165p.
Dimensions 25cm(pb)
942 ## - ADDED ENTRY ELEMENTS (KOHA)
Source of classification or shelving scheme Dewey Decimal Classification
Item type English Books
Classification part 363.73874
Call number suffix INF
Holdings
Withdrawn status Lost status Not for loan Collection code Home library Current library Date acquired Source of acquisition Cost, normal purchase price Full call number Barcode Copy number Cost, replacement price Koha item type
      Non-fiction Mobile Library Mobile Library 08/08/2025 Delivery of Books Act Division 300.00 363.73874 INF EN-129921 1 300.00 English Books

© Delhi Public Library
Hit Counter
free hit counter